| 000 | 00761nam a2200217 a 4500 | ||
|---|---|---|---|
| 999 |
_c12648 _d12648 |
||
| 001 | 12648 | ||
| 003 | BD-JhCC | ||
| 005 | 20221025124028.0 | ||
| 008 | 221025s20152022bg |||| |||| 000 0 ban d | ||
| 035 | _a(BD-JhCC)12648 | ||
| 040 |
_aBD-JhCC _dBD-JhCC |
||
| 041 | _aBangla | ||
| 082 |
_a956.91 _bAHA 2022 |
||
| 100 | _aআহমাদ, জসিমউদ্দীন | ||
| 245 |
_aসিরিয়া মহাযুদ্ধের কাল / _cজসিমউদ্দীন আহমাদ |
||
| 260 |
_aঢাকা : _bফেরা প্রকাশন, _c২০২২ |
||
| 300 |
_a৩৮৩ পৃ. : _c২২ সেমি. |
||
| 504 | _aগ্রন্থপঞ্জি অর্ন্তভূক্ত। | ||
| 650 | _aSyria | ||
| 942 |
_2ddc _cBK |
||